Tripartitum Juris Ungarici Tyrocinium, Juxta Ordinem Titulorum Operis Tripartiti, Sacris Canonibus Accommodatum Pars Prima

Bibliographic Details
Main Author: Segedy, Ján, 1699-1760 (Author)
Corporate Author: Akademická tlačiareň (Trnava, Slovensko)
Other Authors: Prokes, Martin
Format: Book
Language:Latin
PhysicalDescription:[16], 280, [2] s. 8° (14x8 cm)
Published: Tyrnaviae Typis Academicis per Leopoldum Josephum Berger Anno Salutis MDCCXXXIV. [1734]
Subjects:

MARC

LEADER 00000cam a2200000 a 4500
001 vtls009874753
003 SK-MaSNL
005 20260302044200.0
008 180810 1734 xo a 000 0 lat
015 |a SNBHFA 
035 |a (SVKBBclas03)vtls000213040 
040 |a SNK  |b slo  |c SNK  |e AACR2 
041 0 |a lat 
044 |a xo  |c SK 
072 7 |a 34  |x Právo  |2 konspekt 
080 |a 34  |2 2011 
100 1 |a Segedy, Ján,  |d 1699-1760  |4 aut  |9 155848 
245 1 0 |a Tripartitum Juris Ungarici Tyrocinium, Juxta Ordinem Titulorum Operis Tripartiti, Sacris Canonibus Accommodatum  |n Pars Prima  |c Authore P. Joanne Szegedi, e Soc. Jesu 
246 0 8 |a R. P. Szegedi Tyrocinuim Juris Ungarici  |n Pars I  |n II  |n III 
260 |a Tyrnaviae  |b Typis Academicis per Leopoldum Josephum Berger  |c Anno Salutis MDCCXXXIV. [1734] 
300 |a [16], 280, [2] s.  |c 8° (14x8 cm) 
500 |a Na frontispice rytina svätca - patróna chudobných. (Autor: Martin Prokes Scul. Tyr.[naviensis] 1733.) 
501 |a S dvomi príväzkami: Tripartitum Juris Ungarici ... Pars Secunda. / Joanne Szegedi. -- Tyrnaviae : Typis Academicis per Leopoldum Josephum Berger, MDCCXXXV: [1735] -- Tripartitum Juris Ungarici ... Pars Tertia. / Joanne Szegedi. -- Tyrnaviae : Typis Academicis per Leopoldum Josephum Berger, MDCCXXXV: [1735] 
510 4 |a Bibliografia 18. storočia  |c 8426 
541 |c v správe ŠVK Banská Bystrica  |f Rímskokatolícky biskupský úrad Banská Bystrica 
546 |a Latinčina.  |b Antikva  |b Kurzíva 
561 |a Knižnica banskobystrického biskupského seminára  |5 ŠVKBB 
561 |a Miestny odbor Matice slovenskej, Bratislava  |5 ŠVKBB 
561 |a Knižnica Františka Ilatoša, 1766.  |5 ŠVKBB 
561 |a Knižnica banskobystrickej kapituly  |5 ŠVKBB 
562 |a Rukopisný provenienčný záznam na titulnej strane: Ex Libris Francisci Ilatos Anno 1766. C.[apitulum] N.[eosoliense]. Pečiatka knižnice banskobystrického biskupského seminára.  |5 ŠVKBB 
610 2 7 |a Rímskokatolícka cirkev  |2 hŠVKBB  |9 32394 
650 0 7 |a právo  |z Uhorsko  |2 hŠVKBB  |9 328426 
650 0 7 |a právo  |2 SNKPH  |9 976 
650 0 7 |a uhorské právo  |2 SNK  |9 306032 
700 1 2 |a Prokes, Martin  |9 504628 
700 1 |a Berger, Leopold Jozef,  |d činný 18. storočie  |4 bkp  |9 172021 
710 2 |a Akademická tlačiareň (Trnava, Slovensko)  |9 232890 
752 |a Slovensko  |d Trnava 
852 |a študovňa historických knižných fondov  |b Seminárna knižnica 
852 |a snk  |p SE 7228/1-3 
958 |a ONDV 
958 |a DD 
999 |c 1088872  |d 1090802 
952 |a SNK  |b SNK  |y PREZ  |7 0  |p 17A1315984  |o snkSE 7227/1-3  |i snkK 1553/63  |8 3  |3 Rekatalogizácia  |0 0  |1 0  |4 0  |d 2013-07-11  |l 0  |r 2026-02-24 16:49:48  |w 2026-02-24